000 00325nam a22001457a 4500
020 _a978-81-264-2429-0
082 _a894.812.3
_bVAS/K
100 _aM.T . VASUDEVAN NAIR
245 _aKADHIKANTE PANIPPURA
260 _aKOTTAYAM
_bDC BOOKS
_c2010
300 _a47
520 _aCRITICISM
650 _aCRITICISM
942 _cBK
999 _c5561
_d5561